[Event "Ciocaltea Memorial"]
[Site "Bucharest"]
[Date "1997.??.??"]
[Round "4"]
[White "Marin, Mihail"]
[Black "Kiselev, Sergey"]
[Result "1-0"]
[WhiteElo "2545"]
[BlackElo "2485"]
[Annotator "Marin,M"]
[PlyCount "47"]
[EventDate "1997.03.??"]
[EventType "tourn"]
[EventRounds "13"]
[EventCountry "ROU"]
[EventCategory "10"]
[SourceTitle "CBM 060"]
[Source "ChessBase"]
[SourceDate "1997.09.29"]
[SourceVersion "1"]
[SourceVersionDate "1997.09.29"]
[SourceQuality "1"]

1. Nf3 {Tisdall} Nf6 2. c4 e6 3. g3 d5 4. d4 {Aceasta este cea de-a treia
partida in care sortii mi-au harazit albele in fata lui Serghey. De fiecare
data discutiile teoretice s-au purtat in Deschiderea Catalana. Das Schikcksal
hat es gewollt, daß ich nun zum dritten Male Weiß spielen durfte gegen Sergey.}
Bb4+ {In turneul din Andorra 1996, Serghey a preferat In Andorra 1996 zog es
Sergey vor, 4..Le7 zu spielen.} (4... Be7 {dar nu a reusit sa egaleze complet:}
5. Bg2 O-O 6. O-O c6 7. Qc2 Nbd7 8. Rd1 b6 9. b3 Bb7 10. Nc3 Rc8 11. e4 dxe4
12. Nxe4 c5 13. Nxf6+ Bxf6 14. Ng5 Bxg5 15. Bxb7 {. Cu toate acestea, partida
s-a incheiat in cele din urma remiza.In partida de fata el revine la
continuarea sa preferata, care il condusese in 1993 la infrangere, desi fara
nici o legatura cu rezultatul deschiderii. Obwhl die Partie remis endete,
verfügte Weiß nach der Eröffnung über einen spürbaren Vorteil.}) 5. Bd2 Be7 6.
Bg2 O-O 7. O-O c6 8. Qc2 b6 9. Rd1 $5 {[De obicei se joaca]} (9. Bf4 Bb7 10.
Nbd2 Nbd7 11. e4 Rc8 12. Rad1 Nh5 13. Be3 Qc7 14. e5 g6 15. Bg5 Qd8 16. Bxe7
Qxe7 17. Qa4 a5 18. cxd5 exd5 19. Rfe1 Ng7 20. Nf1 f5 21. Qb3 Ne6 22. h4 Kg7 $2
{(O neatentie grava. Trebuia)} (22... h6 {si pozitia ideala a calului la e6 ii
asigura negrului perspective bune pe ambele flancuri. So wird die ideale
Postion des Ne6 gesichert. Schwarz hat auf beiden Flügeln gute Chancen.}) 23.
Ng5 $1 h6 (23... Nxg5 24. hxg5 Qxg5 25. e6 Nf6 26. Qxb6 $16) 24. Nxe6+ Qxe6 25.
f4 $16 {Marin,M-Kiselef,S Memorialul Ciocaltea 1993}) (9. Bf4 {incercand
corectarea pozitiei nebunului. Continuarea din partida doreste sa arate ca si
la d2 nebunul poate fi util. Korrigiert die Postion des B auf d2. Die
vorliegende Partie zeigt aber, daß der B auch auf d2 gute Perspektiven hat.})
9... Ba6 10. b3 Nbd7 11. a4 Rc8 (11... c5 $5 {Tisdall: This looks to be the
most reliable option, not removing the black rook from the potentially useful
a-file. White has made very little impression on black when facing this plan.}
12. Na3 Bb7 13. cxd5 (13. Qb2 dxc4 14. Nxc4 cxd4 15. Nxd4 Bxg2 16. Kxg2 Nc5 17.
f3 Qc8 18. a5 {1/2-1/2 Novikov,I-Tiviakov,S/URS-ch58 Moscow 1991}) 13... Bxd5
14. Nb5 a6 15. Nc3 Bxf3 16. Bxf3 cxd4 17. Bg5 dxc3 18. Bxf6 Rc8 19. Bxe7 Qxe7
20. Rd3 Ne5 21. Rxc3 Nxf3+ 22. exf3 {1/2-1/2 Beliavsky,A-Jussupow,A/URS-ch55
Moscow 1988}) 12. a5 c5 (12... b5 13. c5 $14 (13. c5 {Tisdall} Ne4 14. b4 f5
15. Bc1 Bf6 16. Bb2 Qc7 17. Nbd2 Rce8 18. Nb3 Bc8 19. Nc1 $14 {1-0 Neverov,
V-Kharitonov,A/Berliner Sommer 1996 (38)})) 13. axb6 Qxb6 14. Qa2 Nb8 (14...
Bb7 $5 {Tisdall} 15. b4 cxb4 16. c5 Nxc5 17. dxc5 Bxc5 18. e3 Qd6 {Tisdall:
gave black interesting compensation, though white made trouble for himself by
neglecting development.} 19. Nd4 (19. Bc1 $5) 19... a5 20. Be1 a4 21. Qb2 Ra8
22. Bf1 Rfb8 $36 {0-1 Danielsen,H-Galdunts,S/Erevan olm 1996 (34)}) 15. Ba5 Qd6
16. Nbd2 {Tisdall: A very sensible novelty. Maintaining the central tension
obviously creates more problems for black, who has several less than ideally
posted pieces.} (16. cxd5 {Tisdall} Qxd5 17. Ne5 $6 {Tisdall: completely
dissipated the potential in white's position, 1/2-1/2 Bogdanovski,V-Kurajica,B/
Star Dojran 1991}) 16... cxd4 (16... Nc6 {Tisdall} 17. dxc5 Qxc5 18. b4 $1 $16)
(16... dxc4 {Tisdall} 17. Nxc4 Bxc4 18. bxc4 Nc6 19. d5 $5 exd5 20. cxd5 Nxa5
21. Qxa5 Rc7 {Tisdall: and the only question is how great white's advantage is;
Black's queenside pawns are weak and the c4 or f5 squares beckon to the white
knight. Black must hope to transform the c-pawn into a source of counterplay.})
17. Nxd4 Bd8 {Tisdall: A very awkward looking move, but if black can regain
the d8 square for use then it will pay off.} (17... Qc5 $5 {Tisdall Tisdall:
is the critical variation. The pressure on c4 and d4 can only be met by one
move:} 18. Qb2 $1 (18. Nc2 dxc4 (18... Ng4 $5) 19. Bb4 Qc7) (18. e3 dxc4) (18.
Bc3 dxc4 19. Nxc4 Bxc4 20. bxc4 Qxc4 $15) (18. cxd5 Qxd4 {Tisdall: and the
d-pawn plus discovered attack with the Nd2 do not appear to provide white with
real compensation.}) 18... dxc4 (18... Nc6 19. Bc3 $16) 19. bxc4 Qh5 $5 $132 {
Tisdall: and by clearing the queen form the c-file, he prepares Bc5 and
increases the pressure on the Pc4.}) 18. cxd5 Nxd5 (18... Bxa5 {Tisdall} 19.
Qxa5 Nxd5 20. Nc4 (20. Ne4 $14) 20... Bxc4 $140 $2 (20... Qc5 $14) 21. bxc4
Rxc4 22. Nxe6 $1 fxe6 23. Rxd5 $16) 19. Nc4 Qc5 {[#]Pozitia este aproximativ
simetrica, dar dezvoltarea superioara ii asigura albului initiativa. Die
Postion ist ungefähr symmetrisch, aber Weiß verfügt über einen
Entwicklugsvorsprung, der ihm klaren Vorteil einträgt.} 20. Nf5 $1 (20. Bxd5 $5
{Tisdall} exd5 (20... Qxd5 21. Bb4) 21. Ne3 {[%csl Ra7,Rd5][%cal Gb3b5]
Tisdall: gives white strong pressure against the weaknesses on a7 and d5.
Marin's choice is more ambitious and more interesting, but this continuation
may be objectively stronger.}) 20... Nb4 (20... exf5 21. Rxd5 $16) (20... Bxc4
21. bxc4 Bxa5 22. Qxa5 Qxa5 23. Rxa5 Rxc4 24. Bxd5 $16) (20... Bxa5 {Tisdall}
21. Qxa5 Qxa5 22. Rxa5 exf5 23. Bxd5 $16) (20... Bf6 $5 {Tisdall} 21. Ncd6 $1 (
21. Rac1 Nb4 22. Bxb4 (22. Qa4 N4c6 23. Nfd6 Nxa5) (22. Qa3 Nd3 $5 23. exd3 (
23. Qxc5 Nxc5 $1 24. Nfd6 Nxb3 $19) 23... Qxf5 $15) 22... Qxb4 23. Nfd6 Rc7 $11
) 21... Bxa1 (21... Bxe2 22. Qxe2 Bxa1 23. Nxc8 exf5 24. Bxd5 Qxa5 25. Bxf7+ $1
Kh8 (25... Rxf7 26. Qe8+ Rf8 27. Ne7+) (25... Kxf7 26. Qc4+ Kg6 27. Ne7+ Kf6
28. Rd6+ Kxe7 29. Qe6#) 26. Nd6 $16) 22. Qxa1 exf5 23. Bxd5 $1 $16 (23. Nxc8
Rxc8 $13) 23... Rc6 $140 24. Bxc6 Nxc6 25. b4 $18) 21. Qd2 N4c6 22. Bxc6 Nxc6
23. Bc3 $3 {[#]} Bxc4 $4 {[#]} (23... exf5 24. Rxa6 Be7 25. Qe3 $16 (25. Qb2
$14 {Tisdall})) (23... Qxf5 $142 24. Nd6 (24. Rxa6 Qb5) 24... Qg5 (24... Qc5
25. b4 Qb6 26. b5 $1 $16) (24... Qh5 $5) 25. Rxa6 Qxd2 26. Rxd2 Rc7 $14) 24.
Qh6 $1 (24. Qh6 {Tisdall} gxh6 25. Nxh6#) 1-0

[Event "World-ch Tournament"]
[Site "Mexico City"]
[Date "2007.09.25"]
[Round "11"]
[White "Leko, Peter"]
[Black "Aronian, Levon"]
[Result "1/2-1/2"]
[WhiteElo "2751"]
[BlackElo "2750"]
[Annotator "Marin,M"]
[PlyCount "112"]
[EventDate "2007.09.13"]
[EventType "tourn"]
[EventRounds "14"]
[EventCountry "MEX"]
[EventCategory "21"]
[SourceTitle "CBM 120"]
[Source "ChessBase"]
[SourceDate "2007.10.02"]
[SourceVersion "1"]
[SourceVersionDate "2007.10.02"]
[SourceQuality "1"]

1. d4 Nf6 2. c4 e6 3. Nf3 b6 4. g3 Ba6 5. Qa4 Bb7 6. Bg2 c5 7. dxc5 Bxc5 8. O-O
O-O 9. Nc3 Be7 10. Rd1 {La variante 4.Da4 suele llevar a posiciones del tipo
erizo. Sin embargo, Leko tiene sus proprías vistas sobre este asunto y
prefiere iniciar un juego concreto esde la fase temprana de la partida, lo que
lleva a una especíade Catalana.} d6 11. Bf4 a6 {The 4.Qa4 variation tends to
lead to Hedgehog-type positions. However, Leko has his own views and prefers
to start concrete play from an early stage of the game, giving the position a
Catalan character.} 12. Qb4 {Leko's move.} ({Here are two examples in which
White deviated from the normal course of events in the Hedgehog structure, by
sacrificing a knight on d5.} 12. Rac1 Qc7 13. Qb4 Ne8 14. Bg5 Nf6 (14... Bxg5
15. Nxg5 Bxg2 16. Kxg2 Nc6 {looks playable, too.}) 15. Bxf6 $5 gxf6 16. Nd5 $5
{Otherwise, the previous exchange would have left Black with a solid position.}
exd5 17. cxd5 Qd8 18. Nd4 $44 Kh8 19. Nc6 Qc7 (19... Bxc6 20. dxc6 Qc7 21. Bd5
a5 22. Qh4 $36 {[%csl Gb8,Yf6,Yf7,Gh8]}) 20. Nd4 Qd8 21. Nc6 Qc7 22. Nd4 {
1/2-1/2 Ivanchuk,V (2731)-Lautier,J (2653)/Moscow 2001/CBM 086}) (12. Rd2 Qc7
13. Rad1 Rd8 14. Qc2 h6 15. e4 Nc6 $5 {Provocative, but probably not bad.} (
15... Nh5 16. Be3 Nd7 {would have led to a normal position.}) 16. Nd5 $5 exd5
17. cxd5 Rac8 18. dxc6 Qxc6 19. Qb3 (19. Qxc6 Bxc6 20. e5 $11) 19... Nxe4 20.
Nd4 Qd7 21. Re2 d5 22. Qxb6 Bc5 23. Qb3 a5 $132 24. Nb5 $6 a4 $1 25. Qxa4 Nxf2
(25... Bc6 $2 26. Rxe4 $1 {Gyimesi,Z (2624)-Zhigalko,S (2490)/Warsaw 2005/CBM
110 ext (1-0, 35)}) 26. Rxf2 Bc6 27. Bf1 g5 28. Bc1 Rb8 $19) 12... Nc6 13. Qa3
d5 14. Qa4 Qc8 15. cxd5 b5 16. Qc2 Nb4 17. Qd2 Nbxd5 18. Nxd5 Nxd5 19. Rac1 Qe8
20. Nd4 {All these moves had been played in one of the games of Leko'smatch
against Kramnik. Todo esto se había jugado en una de las partidas del
encuentro de Leko conKramnik.} Rc8 $146 {Kramnik placed his queen's rook on d8.
Kramnik habia colocado la torre en d8.} (20... Rd8 {Leko,P (2749)-Kramnik,V 
(2754)/Wijk aan Zee 2005/CBM 105/[Gershon] (1/2-1/2, 28)}) 21. Bxd5 $5 {
The position is almost symmetrical and White has to play actively if he wants
to convert his slight advance in development into something more concrete. La
posición es casi simetrica, por lo que las blancas tienen que jugar activo si
quieren convertir su ligera ventaja de desarrollo en algo más concreto.} Bxd5
22. Nf5 Rd8 (22... exf5 {is not too appealing, because it leaves White free
hands in the centre:} 23. Qxd5 Bf6 (23... Rxc1 24. Rxc1 Bf6 25. Bd6 $1) 24.
Rxc8 (24. Bd6 Qd7 $1) 24... Qxc8 25. Rc1 Qe6 26. Qxe6 fxe6 27. b3 {[%csl Ga6]
[%cal Yc1c6] followed by Rc6. White will maintain a long term advantage
because Black will have to keep his rook passive on a8.}) 23. Bc7 Rd7 24. e4
exf5 {A radical answer, aiming to avoid pawn weaknesses, but leaving White
with a strong passed pawn.} (24... Bc6 $2 {would lose material to} 25. Nxe7+
Qxe7 26. Bd6 Qd8 27. Rxc6 $18) (24... Bf6 25. Nd6 Qe7 26. exd5 Rxc7 27. Rxc7 (
27. dxe6 fxe6 28. Ne4 {is also possible.}) 27... Qxc7 28. Ne4 Be5 (28... exd5
29. Nxf6+ gxf6 30. Qxd5 $14 {White is better centralized, while Black's
kingside is weak. Any rook ending with White's rook on the sixth rank and
Black's on a8 would be very unpleasant, maybe lost for Black.}) 29. dxe6 fxe6
30. Qd3 $14 {[%csl Ge4] /\Ng5}) 25. exd5 Bd6 26. Re1 Qa8 27. Ba5 $16 {White
can be happy with the outcome of the opening. He has a strong passed pawn in
the centre, while the a5-bishop restricts Black's activity, in the same way as
in certain Catalan lines. Las blancas pueden estar contentas con el desenlace
de la apertura. Tienen un peón pasado en el centro y el alfil de a5 restringe
la actividad de las negras igual que en algunaslíneas de una Catalana
"original".} Rb8 28. a3 $6 ({But this overcautious move is hard to understand.
Why not Pero esta jugada es difícil de explicar. ¿Porque no} 28. Rc6 {,
continuing to activate his pieces? , continuando con la activación de su
posición?} Bf8 (28... b4 29. Qc2 g6 (29... f4 30. Qf5) 30. Qc4 Bf8 31. Rd1 Rb5
32. Bc7 $16) 29. Rec1 Re8 30. d6 $16) 28... b4 $1 {A good counterattacking
move. Since Bxb4 would lead to the loss of the d5-pawn, White has to cut his
bishop off from the rest of the board. Besides, the b5-square will become
available for Black's king's rook, making the central pawn feel insecure. Una
fuerte jugada de contraataque. Dado que Bxb4 llevaría a la pérdida del peón
central, las blancas tienen que aislar a su alfil del resto de la posición.
Además, se elibera la casilla de b5 para la torre, dejando al peón de d5 algo
vulnerable.} 29. axb4 Bf8 30. Re5 g6 31. Rc7 Rbd8 32. Rxd7 Rxd7 {White will
soon lose the d5-pawn and with it, any hope for a concrete advantage. Las
blancas perderán el peón de d5 pronto y, con él, toda esperanza de ventaja.}
33. Qe1 Rxd5 34. Re8 Qc6 35. b5 Qd7 (35... axb5 $4 36. Bb4 $18) 36. Kg2 (36.
Bb4 $2 Rd1 $19) 36... Rxb5 37. Bc3 Qd6 38. Qe3 Rb7 39. Qd4 Qxd4 40. Bxd4 f6 41.
Ra8 (41. Bc5 Rf7 42. Ra8 Kg7 43. Bxf8+ Rxf8 44. Rxa6 Rb8 $15) 41... Kf7 42.
Rxa6 Be7 43. Kf3 Rd7 44. Bc3 Bd6 45. Ke2 Be5 46. f4 Bxc3 47. bxc3 g5 48. Ra4
Rb7 49. Rd4 Ke6 50. Rd2 Rb1 51. Ke3 Rc1 52. Kd4 Rf1 53. Re2+ Kd6 54. Ke3 Rc1
55. Kd2 Rf1 56. Ke3 Rc1 1/2-1/2

[Event "World-ch Tournament"]
[Site "Mexico City"]
[Date "2007.09.29"]
[Round "14"]
[White "Kramnik, Vladimir"]
[Black "Aronian, Levon"]
[Result "1-0"]
[WhiteElo "2769"]
[BlackElo "2750"]
[Annotator "Marin,M"]
[PlyCount "69"]
[EventDate "2007.09.13"]
[EventType "tourn"]
[EventRounds "14"]
[EventCountry "MEX"]
[EventCategory "21"]
[SourceTitle "CBM 120"]
[Source "ChessBase"]
[SourceDate "2007.10.02"]
[SourceVersion "1"]
[SourceVersionDate "2007.10.02"]
[SourceQuality "1"]

1. d4 Nf6 2. c4 e6 3. Nf3 ({For the first time in this tournament, Kramnik
refrains from the Catalan. Aronian usually answers Por primera vez en este
torneo, Kramnik evita la Catalana. Después de} 3. g3 {with , Aronian suele
jugar} c5 4. d5 exd5 5. cxd5 b5 {and in fact he lost the theoretical duel in
the last two games (against Kramnik himself, in their rapid match earlier this
year and against Gelfand, here in Mexico.) , aunque cabe decir que perdió sus
últimas partidas (contra Kramnik en su encuentro de rápidas, este mismo año y
contra Gelfand en este torneo)}) 3... b6 4. g3 {Still, the bishop goes to g2,
which seems to suit Kramnik's taste these days. Sin embargo, el alfil irá a g2,
lo que parece que le conviene al estilo de Kramnik hoy en día.} Ba6 5. b3 Bb4+
6. Bd2 Be7 7. Bg2 c6 8. Bc3 ({This was the last chance to transpose to a
genuine Catalan with Esta era la última posibilidad de transponer a una
Catalana veritable con} 8. O-O d5 9. Qc2 {, although some might call it a Bogo
Indian. It should be mentioned that some years ago it was precisely Kramnik
who popularized this curious transposition. , aunque algunos la llamarían Bogo
India.}) 8... d5 9. Ne5 Nfd7 10. Nxd7 Nxd7 11. Nd2 O-O 12. O-O Rc8 13. e4 dxe4
14. Nxe4 b5 15. Re1 bxc4 {There have been some discussion in this line lately,
but theory is far from being settled yet. Ultimamente, hubo ciertas
discusiones en esta variante, pero sin llegar a unas conclusiones definitivas
todavía.} 16. Bf1 ({The main alternative is La principal alternativa es} 16.
Qe2 {See the comments on Radjabov,T (2729)-Karjakin,S (2678)/Wijk aan Zee 2007/
CBM 117/[Krasenkow] (1/2-1/2, 78).}) 16... Nb6 {Aronian had had this position
before, but with the white pieces. IHowever, this previous experience hardly
was useful to him for this game because in Aronian-Nakamura, Armenia 2005, a
draw was agreed right here. Aronian se había enfrentado a esta posición
anteriormente, pero... ¡desde el otro lado del tablero! Sin embargo, no debe
de haberle servido de mucho para esta ocasión, ya que en la partida
Aronian-Nakamura, Armenia 2005, se acordaron tablas aquí mismo.} (16... Nf6 17.
bxc4 (17. Nc5 Nd5 {would transpose to 16...Nb6.}) 17... Nxe4 18. Rxe4 c5 19. d5
$14 {Logothetis,S (2221)-Lobzhanidze,D (2450)/Dresden 2007/CBM 118 (1/2-1/2,
35)}) 17. Rb1 $5 {It is curious that this natural developing move, bringing
the last piece into play (true in a not entirely "normal" position) is a
novelty.} ({Earlier, White mainly tried Es curioso que una jugada tan natural
de desarrollo (trayendola última figura en el juego), es verdad, en una
posición bastante poco natural, sea una novedad. Antes, las blancas habían
probado principalmente} 17. Nc5 {See the comments and theoretical survey in
Sargissian,G (2603)-Efimenko,Z (2666)/Moscow 2006/CBM 112/[Avrukh,B] (1-0, 46).
}) 17... Nd5 $6 {Another merit of Kramnik's novelty, is that this natural and
tempting move, which is an adequate reaction against 17.Nc5, does not work too
well here. From a practical point of view, this is a huge handicap for Black.
Since 16.Rb1 was a mere developing move, I have tried to find ways to answer
with the same method with Black.} ({The first move that came to my mind is} 
17... Re8 $6 {However, it is not clear what this move could be useful for.
Sometimes, the fork on d7 is prevented, enabling ...Qb6, but this is if little
use from practical point of view. I have tried to work out such a (not at all
forced) variation in which the rook would be useful on e8:} 18. Nc5 Bxc5 19.
dxc5 Qxd1 20. Rbxd1 Nd5 21. Ba5 e5 {, but even here White is better after} 22.
bxc4 Nf6 23. Rd6 $14) ({Since there is no pressure on the c6-pawn now,} 17...
Rb8 $6 {also makes some sense. It is not really a developing move, but it aims
to improve the placement of an already developed piece. However, in the next
lines several drawbacks of this move can be seen:} 18. bxc4 Nxc4 (18... Bxc4 {
is impossible because after} 19. Rxb6 $1 Bxf1 {, the white rook has the
opportunity to capture a piece with} 20. Rxb8 $18) 19. Rxb8 Qxb8 20. Nc5 {
Here, too, we can see that after the exchange on b8 a fork is threatened on d7,
practically forcing} Bxc5 21. dxc5 $16 {[%csl Ga6,Gc4,Gg7][%cal Yd1d4,Yd1g4]
when White's pair of bishops is very active, while Black's minor pieces are
hanging.}) ({Just when I started thinking that there might be no adequate
solution to Kramnik's novelty, I remembered the words of my first trainer, IM
Mircea Pavlov: "When you do not know what to do, use Alatortsev's method, by
asking yourself in which stage of the plan (or game) you are!" Here, the most
normal thing to do with Black is connect rooks! Hence,} 17... Qd5 $5 {comes
into consideration. The move looks risky, because the queen is exposed in the
centre, but at the same time the c5-square is taken under control.
Straightforward continuations do not seem to offer White anything concrete:}
18. Bg2 (18. Nc5 Bxc5 19. Re5 Bd6 20. Rxd5 cxd5 $44 {Does White have any
winning chances here?!}) 18... Qf5 19. Nc5 Bxc5 20. Be4 Qg5 21. h4 Qe7 22. dxc5
Qxc5 23. Qg4 g6 24. Qf4 $44 {White has a threatening position, but Black's 2
extra-pawns seem to offer him adequate compensation for the dangers.}) ({After
} 17... Qd5 {, White should probably bring new forces into the fight. I would
suggest} 18. a4 {, aiming to drive the enemy knight away. There is plenty of
play left in the position, but I feel that this is the direction to follow.})
18. Ba1 Bb4 $6 {These last attacking moves win an exchange almost by force,
but leave Black poorly coordinated. Las últimas dos jugadas "de ataque" ganan
calidad de manera casi forzada, pero dejarán a las negras malamente
coordinadas. Tal vez, era necesarío contestar 17.Tb1 con otra jugada de
desarrollo, pero ¿cual? La únicaposibilidad que me pasa por cabeza sería 17...
Te8,pero no es fácil entender de que modo esta jugada sería útil. Tal vez
¿¡por evitar el doble en d7, en caso de la generalmente deseable ...Db6?!} (
18... Rb8 19. bxc4 $14) 19. Nc5 $1 Bxe1 (19... Bxc5 20. dxc5 $14) (19... Qa5
20. bxc4 Bxe1 21. Qxe1 Qxe1 22. Rxe1 Nc7 23. Bc3 $16 {[%csl Ga6,Gc7][%cal
Yc3a5]}) 20. Qxe1 cxb3 ({This move is hard to understand. Black will simply
lose material, without getting any compensation for it. True, after Esta
jugada es difícil de entender. Las negras perderán material sis ningún pizca
de compensación. Es verdad que después de} 20... Nc7 21. bxc4 {, Black's minor
pieces are miserably placed, but then the criticism should be focused on the
17th and, possibly, 18th moves only. las figuras menores de las negras se
encontrarían en una situación deplorable, pero tal vez la critica tendría que
concentrarse en la 17-a y, posiblemente, 18-a jugada.}) 21. Nxa6 bxa2 22. Rb2 {
White has two bishops against rook and 2 pawns (ignoring the doomed a2-pawn).
Materially, this sounds OK for Black, but the a7- and c6-pawns are weak, too
and Black will not be able to create any dangerous passed pawn. The rest is a
matter of technique. [#]El resto es cosa de técnica.} Nc7 23. Rxa2 Nxa6 24.
Rxa6 Qd7 25. Qc3 f6 26. Qc5 Rf7 27. Bc3 Qb7 28. Qc4 Qd7 29. Bg2 Kh8 30. Bxc6
Qb7 31. Kg2 h6 32. d5 Qb8 (32... exd5 33. Bxb7 Rxc4 34. Bxd5 $18) 33. dxe6 Re7
34. Bb4 Rec7 35. e7 1-0